000 00811nmc a2200313 a 4500
003 AR-BaBNM
005 20251128210429.0
008 050020s1996 ||||||||||||||000 | spa||
020 _a950-23-0615-5
040 _cAR-BaBNM
110 2 _aPrograma UBA XXI
245 1 0 _aEconomía
_bmódulo único
260 _aBuenos Aires
_bEudeba
_c1996
300 _a87 p.
_btablas, gráfs.
490 0 _aUBA XXI
650 4 _aENSENANZA UNIVERSITARIA
650 4 _aFORMACION POR MODULOS
650 4 _aECONOMIA
650 4 _aMERCADOS
650 4 _aCONTABILIDAD NACIONAL
650 4 _aSISTEMAS MONETARIOS
650 4 _aMICROECONOMIA
650 4 _aMACROECONOMIA
653 _aEDUCACION SUPERIOR
653 _aEDUCACION A DISTANCIA
800 1 _aRiccó, Norma
_edirector
942 _cBK
998 _cRAQUEL
999 _c15449
_d15449